000 00460nam a2200181 a 4500
001 1796
005 20140414131917.0
008 010321s19uu xx 00 eng d
020 _a0-86227-891-0
050 _aER
_bL72 1993
245 _aThe Little tin soldier .
260 _aLondon :
_bGrandreams,
_c1993.
300 _a1 v. p. : ill. ; cm.
440 _aPop-Up Storybook.
650 _aFairy Tales.
650 _aChildren's Stories.
999 _c111531
_d111531